| 000 | 01229nam a22002537a 4500 | ||
|---|---|---|---|
| 005 | 20260326162940.0 | ||
| 008 | 260326b |||||||| |||| 00| 0 eng d | ||
| 020 | _a9789354642630 | ||
| 040 | _cAL | ||
| 041 | _aEnglish | ||
| 082 |
_a515 _bAPOC |
||
| 100 |
_aTom M Apostol _9259439 |
||
| 245 | _aCalculus | ||
| 250 | _a2 | ||
| 260 |
_aNew Delhi _bWiley India Pvt Ltd _c2025 |
||
| 300 |
_a663 p. _bPB _c25X20 cm. |
||
| 365 |
_aVBI-2645 _b₹764.25 _c₹ _d₹1019.00 _e25% _f20-02-2026 |
||
| 440 |
_aVolume 1 _9259440 |
||
| 520 | _aCalculus, Second Edition, strikes a perfect balance between theory and technique. Although it differs from the majority of contemporary texts, treating integration before differentiation is the most accurate historical representation of the relationship between the integral and the derivative. This introduces the mean-value theorems and their applications earlier in the text, incorporates a treatment of linear algebra, and contains many new and easier exercises. As in the first edition, an interesting historical introduction precedes each important new concept. | ||
| 650 |
_aVolume 1 _9259441 |
||
| 700 |
_aSingh,Jitender _9259442 |
||
| 700 |
_aGoyal,Suraj _9259443 |
||
| 942 |
_2ddc _cBK |
||
| 999 |
_c241070 _d241070 |
||